Catálogo
 En Linea

Derecho del trabajo / (Registro nro. 53737)

Detalles MARC
000 -CABECERA
campo de control de longitud fija 01362nam a2200313 i 4500
001 - NÚMERO DE CONTROL
campo de control 000019759
003 - IDENTIFICADOR DEL NÚMERO DE CONTROL
campo de control DO-SdBNP
005 - FECHA Y HORA DE LA ÚLTIMA TRANSACCIÓN
campo de control 20240305125231.0
007 - CAMPO FIJO DE DESCRIPCIÓN FÍSICA--INFORMACIÓN GENERAL
campo de control de longitud fija ta
008 - DATOS DE LONGITUD FIJA--INFORMACIÓN GENERAL
campo de control de longitud fija 100705s1969 ck a r 000 f spa d
040 ## - FUENTE DE LA CATALOGACIÓN
Centro catalogador/agencia de origen DO-SdBNP
Lengua de catalogación spa
Centro/agencia transcriptor BNPHU
Normas de descripción rda
082 #4 - NÚMERO DE LA CLASIFICACIÓN DECIMAL DEWEY
Número de clasificación 344.895
Número de documento/Ítem F375d
Número de edición 22
100 1# - ENTRADA PRINCIPAL--NOMBRE DE PERSONA
Nombre de persona Ferrari, Francisco de
Término indicativo de función/relación autor
9 (RLIN) 83517
245 10 - MENCIÓN DE TÍTULO
Título Derecho del trabajo /
Mención de responsabilidad, etc. Francisco de Ferrari
250 ## - MENCIÓN DE EDICIÓN
Mención de edición 2a. edición actualizada
264 ## - PRODUCCIÓN, PUBLICACIÓN, DISTRIBUCIÓN, FABRICACIÓN Y COPYRIGHT
Producción, publicación, distribución, fabricación y copyright Buenos Aires, Argentina :
Nombre del de productor, editor, distribuidor, fabricante Ediciones de Palma,
Fecha de producción, publicación, distribución, fabricación o copyright 1968-1969
300 ## - DESCRIPCIÓN FÍSICA
Extensión 4 volumen
Dimensiones 24 cm.
336 ## - TIPO DE CONTENIDO
Fuente rdacontent
Término de tipo de contenido texto
Código de tipo de contenido txt
337 ## - TIPO DE MEDIO
Fuente rdamedia
Nombre/término del tipo de medio sin mediación
Código del tipo de medio n
338 ## - TIPO DE SOPORTE
Fuente rdacarrier
Nombre/término del tipo de soporte volumen
Código del tipo de soporte nc
500 ## - NOTA GENERAL
Nota general La Biblioteca posee el v.1 y el v.2
500 ## - NOTA GENERAL
Nota general Incluye referencias bibliográficas y notas al pie de las páginas
500 ## - NOTA GENERAL
Nota general La biblioteca posee v.1 y v.2
505 ## - NOTA DE CONTENIDO CON FORMATO
Nota de contenido con formato v.1.
Título Teoría y nociones generales del derecho del trabajo.--
Información miscelánea v.2.
Título De las relaciones individuales del trabajo, formación, suspensión y extinción de los contratos.--
Información miscelánea v.3.
Título La relación del trabajo; su reglamentación.--
Información miscelánea v.4.
Título Las relaciones colectivas; La empresa, los convenios colectivos, las asociaciones profesionales, la huelga.
590 ## - NOTA LOCAL (RLIN)
Nota local Inventariado, 2023 / DG
650 ## - PUNTO DE ACCESO ADICIONAL DE MATERIA--TÉRMINO DE MATERIA
Término de materia o nombre geográfico como elemento de entrada Derecho laboral
Subdivisión geográfica Uruguay
9 (RLIN) 83518
910 ## - DATOS DE OPCIÓN DEL USUARIO (OCLC)
Datos de opción del usuario DG/Validado. Control de calidad MFF
942 ## - ELEMENTOS DE PUNTO DE ACCESO ADICIONAL (KOHA)
Fuente del sistema de clasificación o colocación Dewey Decimal Classification
Tipo de ítem Koha Libro
Existencias
Estado de retiro Estado de pérdida Fuente del sistema de clasificación o colocación Restricciones de uso No para préstamo Código de colección Localización permanente Ubicación/localización actual Ubicación en estantería Fecha de adquisición Signatura topográfica completa Código de barras Fecha visto por última vez Número de copia Precio válido a partir de Tipo de ítem Koha
    Dewey Decimal Classification Préstamo en sala   General Biblioteca Nacional Pedro Henríquez Ureña Biblioteca Nacional Pedro Henríquez Ureña Depósito 07.06.2023 BNPHU GR 344.89501 F375d 1968 2023-2256 07.06.2023 v.1 07.06.2023 Libro
    Dewey Decimal Classification Préstamo en sala   General Biblioteca Nacional Pedro Henríquez Ureña Biblioteca Nacional Pedro Henríquez Ureña Depósito 07.06.2023 BNPHU GR 344.89501 F375d 1968 2023-2263 07.06.2023 v.2 07.06.2023 Libro

Con tecnología Koha